00751nam a2200229Ia 450000500170000000800410001702000180005804100080007608200150008410000210009924500690012025000110018926000400020030000090024050000290024965000360027870000210031490600070033594200070034299900170034995201550036620251118143113.0230125s9999 xx 000 0 und d a9789380032085 aeng a158.1bBAR aBarnes M9215056 aSerious Fun : Adding Buzz to Meeting, Training and Communication a1st ed c2009bWestland PublicationsaMumbai a210p aPersonality Development, aPersonality Development9213420 aBarnes M9215056 b59 cBK c89641d89641 00104070aHIMRbHIMRd2009-09-22eWord Book Shopg295.00i58l0o158.1 BAR B07696pHIMR-BK-7696r2023-01-25 00:00:00v236.00w2009-09-15yBKzB07696